| 000 | 00827nam a22002177a 4500 | ||
|---|---|---|---|
| 999 |
_c14254 _d14254 |
||
| 003 | AR-CdUCM | ||
| 008 | 190227b ||||| |||| 00| 0 spa d | ||
| 040 |
_aMUNICIPALIDAD PROVINCIAL DEL CUSCO _cBIBLIOTECA MUNICIPAL DEL CUSCO |
||
| 082 |
_aC / 985.61 / _bL88 |
||
| 100 |
_aLovón Zavala, Gerardo _95616 |
||
| 245 | _aMito y realidad del turismo en el Cusco / | ||
| 260 |
_aCusco : _bCentro Bartolome de las Casas, _c1982. |
||
| 300 |
_a30 páginas ; _bImagenes, cuadros _c21 cm. |
||
| 440 |
_aCuadernos para el debate regional _n9 _95617 |
||
| 505 | _aEl fenómeno turismo: algunas precisiones necesarias -- Desarrollo económico y turismo: un debate no agotado. | ||
| 650 |
_aTurismo _94560 |
||
| 650 |
_aDesarrollo económico _91696 |
||
| 650 |
_aPatrimonio cultural _93805 |
||
| 942 |
_2ddc _cPP |
||
| 945 |
_awfj _d2019-04-22 |
||